000 01239nam a22003497a 4500
003 CHAP
005 20220329135132.0
008 971013s1985 mx r 00010 spa d
010 _a31489
011 _a32461
035 _a36576
040 _cCHAP
090 _aFolleto 11311
100 0 0 _aMartínez Castro, M. Anel.
_971913
245 1 0 _aAdaptación de ecotipos de Costilla de vaca (Atriplex canescens), bajo condiciones de temporal
_c/por M. Anel Martínez Castro
260 _aMéxico, D.F. :
_bInstituto Nacional de Investigaciones Forestales,
_c1985
300 _a23 p.
490 0 _aBoletín técnico
_v; 135
590 _aBATCH-UPD
_b10
_c20130110
_lUCH01
_h0140
590 _aBATCH-UPD
_b10
_c20130110
_lUCH01
_h1918
590 _aBATCH-UPD
_b10
_c20130410
_lUCH01
_h1244
590 _aBATCH-UPD
_b10
_c20130914
_lUCH01
_h0425
590 _aCONVERSION
_b10
_c20130109
_lUCH01
_h1318
650 1 4 _aAtriplex canescens.
_98274
650 1 4 _aEcología vegetal.
_935188
700 0 _aVillanueva Díaz, José.
_9119491
830 0 _aBoletín técnico
_v; 135
_913560
901 _aBK
942 _cFOLL
949 _aFolleto 11311
_bBC
_cFOLL
_d-84296
_eTS1
_i36576
_mD
_si
949 _aFolleto 11311
_bBC
_cFOLL
_d-84297
_eTS2
_fc.2
_i36576
_mD
_si
999 _c31489
_d31489